Special Education: (Record no. 183002)

MARC details
000 -LEADER
fixed length control field 00591 a2200193 4500
005 - DATE AND TIME OF LATEST TRANSACTION
control field 20211216105253.0
010 ## - LCCN (DPL NO)
LC control number ENG-130303
020 ## - INTERNATIONAL STANDARD BOOK NUMBER
Terms of availability 750.00
International Standard Book Number 978-93-90627-17-2
035 ## - SYSTEM CONTROL NUMBER
System control number EN-113835
037 ## - SOURCE OF ACQUISITION
Source of stock number/acquisition DBAD / PUB
082 ## - DEWEY DECIMAL CLASSIFICATION NUMBER
Classification number 371.007
Item number 1
100 ## - MAIN ENTRY--PERSONAL NAME
Personal name N, Nandini
245 ## - TITLE STATEMENT
Title Special Education:
Statement of responsibility, etc Nandini N, Haseen Taj
260 ## - PUBLICATION, DISTRIBUTION, ETC. (IMPRINT)
Name of publisher, distributor, etc Krishna Publication House
Date of publication, distribution, etc 2021
Place of publication, distribution, etc Gujarat
270 ## - ADDRESS
Address No.303, Yashkunj Apartment, Devbaug, Anantwadi
City Bhavnagar
Postal code 364002
300 ## - PHYSICAL DESCRIPTION
Extent vi, 166p.
Dimensions 21cm (pbk)
700 ## - ADDED ENTRY--PERSONAL NAME
Personal name Taj, Haseen
942 ## - ADDED ENTRY ELEMENTS (KOHA)
Institution code [OBSOLETE] dpl
Item type English Books
Source of classification or shelving scheme Dewey Decimal Classification
Classification part 371.007
Call number suffix NNA
Holdings
Withdrawn status Lost status Not for loan Collection code Home library Current library Date acquired Source of acquisition Cost, normal purchase price Full call number Barcode Copy number Cost, replacement price Koha item type
      Non-fiction Shahdara Branch Shahdara Branch 14/12/2021 DBAD/PUB 750.00 371.007 NNA EN-113835 1 750.00 English Books

© Delhi Public Library
Hit Counter
free hit counter